000 00366nam a2200121Ia 4500
008 180309s9999 xx 000 0 und d
020 _a1888777516
245 4 _aThe new international webster's pocket spelling dictionary of the english language /
250 _a2002
260 _aUSA :
_b1997
_cTrident Press
300 _a318 pages
650 _aSpelling-- Dictionary
999 _c356099
_d356099